Welcome to CU Library Online Public Access Catalogue (OPAC)

Cryptography and Network Security Principles & Practice (Record no. 8226)

MARC details
000 -LEADER
fixed length control field 00480nam a22001577a 4500
005 - DATE AND TIME OF LATEST TRANSACTION
control field 20251111171911.0
008 - FIXED-LENGTH DATA ELEMENTS--GENERAL INFORMATION
fixed length control field 251111b |||||||| |||| 00| 0 eng d
020 ## - INTERNATIONAL STANDARD BOOK NUMBER
International Standard Book Number 9780273793359
050 ## - LIBRARY OF CONGRESS CALL NUMBER
Classification number TK5105.59
Item number .S713
100 ## - MAIN ENTRY--PERSONAL NAME
Personal name Stallings, William
245 ## - TITLE STATEMENT
Title Cryptography and Network Security Principles & Practice
Statement of responsibility, etc. William Stallings
250 ## - EDITION STATEMENT
Edition statement 6th ed.
Remainder of edition statement international edition
260 ## - PUBLICATION, DISTRIBUTION, ETC.
Place of publication, distribution, etc. Boston
Name of publisher, distributor, etc. Pearson
Date of publication, distribution, etc. 2014
300 ## - PHYSICAL DESCRIPTION
Extent 751p.
Other physical details ill.
Dimensions 23cm
942 ## - ADDED ENTRY ELEMENTS (KOHA)
Source of classification or shelving scheme Library of Congress Classification
Koha item type Books
Edition 6th ed.
Suppress in OPAC No
999 ## -
-- 8226
-- 8226
Holdings
Withdrawn status Lost status Source of classification or shelving scheme Damaged status Not for loan Collection Home library Current library Shelving location Date acquired Total checkouts Full call number Barcode Date last seen Copy number Price effective from Koha item type
    Library of Congress Classification     Non-fiction Science Library (Miotso) Science Library (Miotso) General stacks 11/11/2025   TK5105.59 .S713 STA SLM00005764 11/11/2025 1 11/11/2025 Books
    Library of Congress Classification     Non-fiction Science Library (Miotso) Science Library (Miotso) General stacks 11/11/2025   TK5105.59 .S713 STA SLM00005765 11/11/2025 2 11/11/2025 Books
    Library of Congress Classification     Non-fiction Science Library (Miotso) Science Library (Miotso) General stacks 11/11/2025   TK5105.59 .S713 STA SLM00005766 11/11/2025 3 11/11/2025 Books
    Library of Congress Classification     Non-fiction Science Library (Miotso) Science Library (Miotso) General stacks 11/11/2025   TK5105.59 .S713 STA SLM00005767 11/11/2025 4 11/11/2025 Books
    Library of Congress Classification     Non-fiction Science Library (Miotso) Science Library (Miotso) General stacks 11/11/2025   TK5105.59 .S713 STA SLM00005768 11/11/2025 5 11/11/2025 Books
© 2023-2024 Copyright: Central University Libraries. All Rights Reserved | Created by: Mahone Tech Office